[Event "Palafrugell Gelpi Memorial 28th"]
[Site "Palafrugell"]
[Date "2015.??.??"]
[Round "2"]
[White "Bou Janoher, Ernest"]
[Black "Castrillon Otero, Javier"]
[Result "0-1"]
[WhiteElo "1872"]
[BlackElo "2169"]
[PlyCount "54"]
[EventDate "2015.09.26"]
[EventType "swiss"]
[EventRounds "9"]
[EventCountry "ESP"]
[SourceTitle "EXT 2017"]
[Source "ChessBase"]
[SourceDate "2016.10.25"]
[SourceVersion "1"]
[SourceVersionDate "2016.10.25"]
[SourceQuality "1"]

1. d4 d5 2. Nf3 Bf5 3. e3 e6 4. Bd3 Bxd3 5. cxd3 Nd7 6. 0-0 g6 7. Nc3 Bg7 8. Re1 Ne7 9. e4 0-0 10. Be3 Rc8 11. Qd2 b6 12. Bh6 c5 13. Bxg7 Kxg7 14. e5 Nf5 15. Ne2 h5 16. Rac1 Qe7 17. dxc5 bxc5 18. Nf4 Nb6 19. g3 Rc7 20. Ng5 Nd4 21. Qe3 Qxg5 22. b4 Kg8 23. bxc5 Nf5 24. Qd2 Nd7 25. d4 Nb8 26. Rb1 Nc6 27. Rb3 Nfxd4 0-1

[Event "Palafrugell Gelpi Memorial 28th"]
[Site "Palafrugell"]
[Date "2015.??.??"]
[Round "8"]
[White "Bou Janoher, Ernest"]
[Black "Salomon, Emmanuel Yves"]
[Result "0-1"]
[WhiteElo "1872"]
[BlackElo "1909"]
[PlyCount "62"]
[EventDate "2015.09.26"]
[EventType "swiss"]
[EventRounds "9"]
[EventCountry "ESP"]
[SourceTitle "EXT 2017"]
[Source "ChessBase"]
[SourceDate "2016.10.25"]
[SourceVersion "1"]
[SourceVersionDate "2016.10.25"]
[SourceQuality "1"]

1. d4 Nf6 2. Nf3 c5 3. c3 cxd4 4. cxd4 e6 5. Nc3 d5 6. e3 Be7 7. Bd3 0-0 8. 0-0 b6 9. e4 dxe4 10. Nxe4 Bb7 11. Re1 Nbd7 12. Qe2 Rc8 13. Bd2 Nxe4 14. Bxe4 Bxe4 15. Qxe4 Nf6 16. Qe2 Qd5 17. Qe5 Bd6 18. Qxd5 Nxd5 19. Rac1 Bf4 20. Bxf4 Nxf4 21. Rc3 Rxc3 22. bxc3 Rc8 23. Kf1 Rxc3 24. g3 Nd3 25. Re3 Rc1+ 26. Kg2 Nb4 27. Rb3 Nd5 28. h4 Kf8 29. g4 Rc4 30. Kg3 Ra4 31. a3 Rc4 0-1

[Event "Girona op-A 4th"]
[Site "Girona"]
[Date "2013.07.18"]
[Round "4"]
[White "Bou Janoher, Ernest"]
[Black "Pruja Ramirez de Cartagena, Eduardo"]
[Result "1/2-1/2"]
[WhiteElo "1792"]
[BlackElo "1789"]
[PlyCount "91"]
[EventDate "2013.07.15"]
[EventType "swiss"]
[EventRounds "9"]
[EventCountry "ESP"]
[SourceTitle "CBM 155 Extra"]
[Source "ChessBase"]
[SourceDate "2013.08.26"]
[SourceVersion "1"]
[SourceVersionDate "2013.08.26"]
[SourceQuality "1"]

1. d4 d5 2. Nf3 Nf6 3. e3 e6 4. Nbd2 c5 5. c3 Nc6 6. Bd3 Qc7 7. 0-0 Bd7 8. e4 c4 9. Bc2 0-0-0 10. e5 Ng8 11. b3 cxb3 12. axb3 f6 13. Ba3 Nge7 14. Bd6 Qb6 15. b4 Ng6 16. Bc5 Bxc5 17. bxc5 Qc7 18. exf6 gxf6 19. Ba4 a6 20. c4 Rhg8 21. Bb3 Nce7 22. Kh1 Rg7 23. Ba4 h5 24. Qb3 Bc6 25. Rfb1 h4 26. Qb6 Qxb6 27. Rxb6 Nf4 28. Nxh4 Rh8 29. Ndf3 dxc4 30. Bxc6 Nxc6 31. Rc1 Na5 32. g3 Nd3 33. Rc2 Re8 34. Nd2 Nxf2+ 35. Kg2 Ng4 36. Rc3 Rd7 37. Ne4 Ree7 38. Nd6+ Kb8 39. Ng6 Rg7 40. Nf4 e5 41. dxe5 Nxe5 42. Ra3 Nb3 43. Raxa6 Nxc5 44. Ra2 Kc7 45. Nd5+ Kb8 46. Nxf6 1/2-1/2

[Event "Girona op-A 4th"]
[Site "Girona"]
[Date "2013.07.15"]
[Round "1"]
[White "Alejo Alvarez, Ricardo"]
[Black "Bou Janoher, Ernest"]
[Result "1-0"]
[WhiteElo "2023"]
[BlackElo "1792"]
[PlyCount "77"]
[EventDate "2013.07.15"]
[EventType "swiss"]
[EventRounds "9"]
[EventCountry "ESP"]
[SourceTitle "CBM 155 Extra"]
[Source "ChessBase"]
[SourceDate "2013.08.26"]
[SourceVersion "1"]
[SourceVersionDate "2013.08.26"]
[SourceQuality "1"]

1. b3 e5 2. Bb2 d6 3. e3 f5 4. d4 Nd7 5. c4 Ngf6 6. Nf3 e4 7. Ng5 Nb6 8. Be2 g6 9. Nc3 Bd7 10. Rc1 Bg7 11. c5 Nbd5 12. cxd6 c6 13. 0-0 0-0 14. a4 Nxc3 15. Bxc3 Nd5 16. Nh3 Be6 17. Bc4 Qxd6 18. Ng5 Bd7 19. Qd2 Qf6 20. Nh3 Kh8 21. Bxd5 cxd5 22. Nf4 Bc6 23. Bb4 Rf7 24. Rc5 Rd8 25. Rfc1 Bh6 26. Ba5 Rdd7 27. b4 Bxf4 28. exf4 Bxa4 29. Qa2 b6 30. Rc8+ Kg7 31. Qxa4 bxa5 32. bxa5 g5 33. R8c6 Qe7 34. Qd1 g4 35. Qb3 Rf6 36. Rc8 h5 37. Qb8 Qf7 38. Rh8 Re6 39. Rcc8 1-0

[Event "Palafrugell Gelpi Memorial 27th"]
[Site "Palafrugell"]
[Date "2012.09.29"]
[Round "2"]
[White "Bou Janoher, Ernest"]
[Black "Bonell Gleich, Xavier"]
[Result "1-0"]
[WhiteElo "1819"]
[BlackElo "1628"]
[PlyCount "35"]
[EventDate "2012.09.22"]
[EventType "swiss"]
[EventRounds "9"]
[EventCountry "ESP"]
[SourceTitle "EXT 2014"]
[Source "ChessBase"]
[SourceDate "2013.11.20"]
[SourceVersion "1"]
[SourceVersionDate "2013.11.20"]
[SourceQuality "1"]

1. d4 Nf6 2. Nf3 e6 3. Nbd2 d5 4. e3 c6 5. Bd3 a6 6. 0-0 c5 7. c3 Nc6 8. Re1 cxd4 9. exd4 Be7 10. Nf1 b5 11. Ne5 Bb7 12. Ng3 h5 13. Qf3 h4 14. Ne2 Nxe5 15. dxe5 Nd7 16. Nd4 Bg5 17. Nxe6 fxe6 18. Bg6+ 1-0

[Event "Girona-chA"]
[Site "Girona"]
[Date "2004.??.??"]
[Round "2"]
[White "Bou Janoher, Ernest"]
[Black "Badosa Romanyo, Albert"]
[Result "1-0"]
[WhiteElo "2005"]
[BlackElo "1900"]
[PlyCount "45"]
[EventDate "2004.??.??"]
[EventType "swiss"]
[EventRounds "9"]
[EventCountry "ESP"]
[SourceTitle "EXT 2007"]
[Source "ChessBase"]
[SourceDate "2006.11.23"]
[SourceVersion "1"]
[SourceVersionDate "2006.11.23"]
[SourceQuality "1"]

1. d4 Nf6 2. c4 g6 3. Nc3 d5 4. cxd5 Nxd5 5. e4 Nxc3 6. bxc3 Bg7 7. Nf3 c5 8. Be2 Nc6 9. e5 cxd4 10. cxd4 Bg4 11. Be3 Qa5+ 12. Kf1 Rd8 13. Qb3 Bxf3 14. Bxf3 Nxd4 15. Bxd4 Rxd4 16. Qxb7 0-0 17. Qxe7 Bxe5 18. Re1 Bg7 19. h4 Qxa2 20. h5 Rd2 21. Be2 Bc3 22. hxg6 fxg6 23. Qxh7# 1-0